000 00295nam a2200121Ia 4500
008 220204s9999 xx 000 0 und d
082 _a331:34(540)
_bAGA
100 _aAGARWAL, S L
245 0 _aLabour relations law in India
260 _bMacmillan
_c1978
650 _aLabour laws
942 _cBK
999 _c34992
_d34992